000 nam a22 a 4500
999 _c4004
_d4004
003 AKMAL
005 20170524153745.0
008 170524t2006 my g o000 0 may d
020 _a9789679312096
020 _a9789679311983 (kkt.)
040 _aAKMAL
_cAKMAL
082 0 4 _a899.2313 SYA
_222
090 2 0 _a899.2313
_bSYA
245 0 0 _aSyair laksanan kita :
_btransliterasi dari manuskrip Melayu lama
260 _aKuala Lumpur :
_bPerpustakaan Negara Malaysia,
_c2006
300 _a72ms. ;
_c23cm.
500 _aTeks dalam tulisan jawi
500 _aMengandungi contoh teks munuskrip asal Syair Laksana Kita 2590 mms
650 1 0 _aMalay poetry
_97739
650 1 0 _aManuscripts, Malay
_9848
710 2 _aPerpustakaan Negara Malaysia
_9743
942 _2ddc
_cBOOK